| 000 | 00889nam a2200253 4500 | ||
|---|---|---|---|
| 001 | 63271 | ||
| 003 | ES-MaACL | ||
| 005 | 20230906164822.0 | ||
| 007 | t| | ||
| 008 | 031205s1969 sp af |||| |bspa d | ||
| 080 | _a929 Fernandez-Shaw, Carlos | ||
| 080 | _a86 Fernandez-Shaw, Carlos 1.06 | ||
| 100 | 1 |
_aFernández-Shaw, Guillermo, _d1893-1965 _950102 |
|
| 245 | 1 | 3 |
_aUn poeta de transición _b: vida y obra de Carlos Fernández-Shaw / _cGuillermo Fernández-Shaw. |
| 260 |
_aMadrid : _bGredos, _c[1969] |
||
| 300 |
_aX, 329 p., 1 lám. ; _c20 cm. |
||
| 490 | 1 |
_aBiblioteca románica hispánica ; _v2 |
|
| 490 | 1 |
_aEstudios y enseñas ; _v129 |
|
| 600 | 1 | 4 |
_aFernández-Shaw, Carlos, _d1865-1911 _950098 |
| 830 | 0 |
_aBiblioteca románica hispánica ; _v2 _9180746 |
|
| 830 | 0 |
_aEstudios y enseñas ; _v129 _9230669 |
|
| 852 |
_aES-MaACL _jC-36463 |
||
| 999 |
_c63271 _d63271 |
||